| 000 | 00486nac a22001451u 4500 | ||
|---|---|---|---|
| 008 | 080929s1973 xxu||||| |||| 00| 0 ara d | ||
| 082 |
_a301.20953 _bع ر و |
||
| 245 |
_aالعرب والفكر التاريخي / _cعبد الله العروي |
||
| 250 | _aط 2. | ||
| 260 |
_aبيروت : _bدار الحقيقة ،1973 _c1973. |
||
| 300 |
_a255 ص ؛ _c24 سم. |
||
| 504 | _aببليوجرافية: ص249-252 | ||
| 511 | _aCatalogued by: Sara | ||
| 942 |
_cBB _k301.20953 ع ر و _2ddc |
||
| 999 |
_c5631 _d5631 |
||